000
00303nam a22001097a 4500
008
230627b xxu||||| |||| 00| 0 eng d
082
_a
338.1
_b
MAR 2001
245
_a
National Policy on Sugar Industry
260
_b
Ministry of Agriculture and Rural Development
_c
2001
300
_a
II,10p
942
_2
ddc
_c
BK
999
_c
2919
_d
2919